Industrial mini/micro computer applications: workshop on application of mini/micro computers to industrial plant and process design, 27 june to 3 july 1984, R R L-Hyderabad: volume I: Inaugural function, country reports and final recommendations (Record no. 46738)

MARC details
000 -LEADER
fixed length control field 00923nam a2200181 a 4500
008 - FIXED-LENGTH DATA ELEMENTS--GENERAL INFORMATION
fixed length control field 110816s1985 ||||||||||||||||| || u
050 ## - LIBRARY OF CONGRESS CALL NUMBER
Classification number COMM(08)
100 ## - MAIN ENTRY--PERSONAL NAME
Personal name Okot-uma, W' O
245 10 - TITLE STATEMENT
Title Industrial mini/micro computer applications: workshop on application of mini/micro computers to industrial plant and process design, 27 june to 3 july 1984, R R L-Hyderabad: volume I: Inaugural function, country reports and final recommendations
Statement of responsibility, etc. edited by Rogers W'. O Okot-uma
260 ## - PUBLICATION, DISTRIBUTION, ETC.
Place of publication, distribution, etc. London:
Name of publisher, distributor, etc. Commonwealth Science Council
Date of publication, distribution, etc. 1985
300 ## - PHYSICAL DESCRIPTION
Extent vii, 28p.: ill.
350 ## - PRICE (NR) (BK AM CF MU VM SE) [OBSOLETE]
Price 0.00
490 ## - SERIES STATEMENT
Series statement Commonwealth Science Council Technical Publications
650 #0 - SUBJECT ADDED ENTRY--TOPICAL TERM
Topical term or geographic name entry element ELECTRONICS
650 ## - SUBJECT ADDED ENTRY--TOPICAL TERM
Topical term or geographic name entry element INDUSTRIAL ELECTRONICS
710 ## - ADDED ENTRY--CORPORATE NAME
Corporate name or jurisdiction name as entry element Commonwealth Science Council
995 ## - RECOMMENDATION 995 [LOCAL, UNIMARC FRANCE]
-- 0.00
-- CBU-MAIN LIBRARY (Kitwe)
-- 1
-- 0.00
-- 1
-- AVAILABLE
-- Aug 16, 2011
-- International Publications
Holdings
Withdrawn status Lost status Source of classification or shelving scheme Damaged status Not for loan Home library Current library Shelving location Date acquired Total Checkouts Full call number Barcode Date last seen Price effective from Koha item type
          CBU-MAIN LIBRARY, KITWE. CBU-MAIN LIBRARY, KITWE.   11/30/2022   COMM(08) Z03008145 11/30/2022 11/30/2022 MONOGRAPH